| 000 | 01343nam a2200361 a 4500 | ||
|---|---|---|---|
| 001 | 000115766 | ||
| 003 | CHAP | ||
| 005 | 20220329144547.0 | ||
| 008 | 190703s2018 mx a sm |||||||spa d | ||
| 010 | _a112227 | ||
| 011 | _a113199 | ||
| 040 | _cCHAP | ||
| 090 | _aTesis | ||
| 100 | 1 |
_aCastañeda Cuevas, Bladimir. _9136380 |
|
| 245 | 1 | 0 |
_aPeso de la canal y sus fracciones en pollos de engorda alimentados con enzimas exógenas / _h[En línea] _cpor Bladimir Castañeda Cuevas. |
| 260 |
_aChapingo, Méx. : _bEl autor, _c2018. |
||
| 500 | _aPara ver el contenido del material haga clic en la liga | ||
| 502 | _aTesis (Ing. Agr. Zootecnista) -- Colegio Superior Agropecuario del Estado de Guerrero | ||
| 590 |
_aBATCH-UPD _b05 _c20190703 _lUCH01 _h1236 |
||
| 590 |
_aE11695DGD _b10 _c20190704 _lUCH01 _h1225 |
||
| 590 |
_aE8697GMM _b05 _c20190703 _lUCH01 _h0951 |
||
| 590 |
_aE8697GMM _b05 _c20190703 _lUCH01 _h0952 |
||
| 590 |
_aE8697GMM _b05 _c20190703 _lUCH01 _h1236 |
||
| 590 |
_aE8697GMM _b05 _c20190703 _lUCH01 _h1515 |
||
| 590 |
_aE8697GMM _b05 _c20190703 _lUCH01 _h1516 |
||
| 650 | 1 | 4 |
_aAves de corral _xPeso. _98674 |
| 650 | 1 | 4 |
_aCarne de pollo en canal. _919172 |
| 650 | 1 | 4 |
_aPollos _xAlimentación. _990268 |
| 856 |
_aFinding aid _uhttp://10.13.5.2/tesis/sist115766.pdf _zTeclea aquí |
||
| 901 | _aBK | ||
| 942 | _cTESIS | ||
| 942 | _n0 | ||
| 999 |
_c112227 _d112227 |
||